000 00481nam a2200169Ia 4500
001 20075
005 20260318151301.0
008 260306t2014||||xx |||||||||||||| ||spa||
041 _aESP
082 _a342.211
_bM61G
100 _aMinisterio de Justicia y Derechos Humanos
_eAUT
245 0 _aGuía práctica sobre la revisión de los actos administrativos en el ordenamiento jurídico peruano
260 _c2014
650 _aGEN
654 _aCDE
942 _cLIB
_dJUS
_fJUS
_2ddc
999 _c20075
_d20075